La industrialización en Antioquia : (Registro nro. 3636)

Detalles MARC
000 -LEADER
fixed length control field 01258nam a2200265Ia 4500
003 - CONTROL NUMBER IDENTIFIER
control field OSt
005 - DATE AND TIME OF LATEST TRANSACTION
control field 20201214181831.0
008 - FIXED-LENGTH DATA ELEMENTS--GENERAL INFORMATION
fixed length control field 191128s1984 ck ad fr 000 0 spa d
020 ## - INTERNATIONAL STANDARD BOOK NUMBER
International Standard Book Number 9589505805
040 ## - CATALOGING SOURCE
Original cataloging agency CO-JMCR
Transcribing agency CO-JMCR
041 0# - LANGUAGE CODE
Language code of text/sound track or separate title spa
082 04 - DEWEY DECIMAL CLASSIFICATION NUMBER
Classification number 338.0198621 /
Item number B748i
Edition number 23
100 1# - MAIN ENTRY--PERSONAL NAME
Personal name Botero Herrera, Fernando,
Relator term autor
9 (RLIN) 7059
245 10 - TITLE STATEMENT
Title La industrialización en Antioquia :
Remainder of title génesis y consolidación 1900-1930 /
Statement of responsibility, etc. Fernando Botero Herrera
250 ## - EDITION STATEMENT
Edition statement primera edición
260 ## - PUBLICATION, DISTRIBUTION, ETC.
Place of publication, distribution, etc. Medellín :
Name of publisher, distributor, etc. Universidad de Antioquia,
Date of publication, distribution, etc. 1984
300 ## - PHYSICAL DESCRIPTION
Extent 184 páginas :
Other physical details gráficos a blanco y negro ;
Dimensions 21 cm.
504 ## - BIBLIOGRAPHY, ETC. NOTE
Bibliography, etc. note Bibliografía: páginas [179]-182
505 0# - FORMATTED CONTENTS NOTE
Formatted contents note Agradecimientos -- Introducción -- Formación de la élite empresarial antioqueña -- El café, la formación del mercado interior para la industria antioqueña y origen del proletariado industrial .
520 3# - SUMMARY, ETC.
Summary, etc. Este es uno de los primeros trabajos que se dedican al estudio sistemático de las condiciones que posibilitaron el surgimiento y solidificación del sector industrial en Antioquia.
650 14 - SUBJECT ADDED ENTRY--TOPICAL TERM
Topical term or geographic name entry element Industrialización
Geographic subdivision Antioquia
9 (RLIN) 7060
650 14 - SUBJECT ADDED ENTRY--TOPICAL TERM
Topical term or geographic name entry element Historia económica
Geographic subdivision Antioquia
9 (RLIN) 7061
651 #4 - SUBJECT ADDED ENTRY--GEOGRAPHIC NAME
Geographic name Antioquia
General subdivision industrias
9 (RLIN) 7062
942 ## - ADDED ENTRY ELEMENTS (KOHA)
Source of classification or shelving scheme Dewey Decimal Classification
Koha item type Books
Existencias
Withdrawn status Lost status Source of classification or shelving scheme Damaged status Not for loan Collection code Home library Current library Date acquired Source of acquisition Total Checkouts Full call number Barcode Date last seen Date last checked out Copy number Koha item type
    Dewey Decimal Classification     Non-fiction Biblioteca Pública José María del Castillo y Rada Biblioteca Pública José María del Castillo y Rada 07/12/2018 Donación 1 338.0198621 / B748i 201807511 05/16/2024 06/27/2023 Ej.1 Books